| 000 | 00572nam a2200229Ia 4500 | ||
|---|---|---|---|
| 003 | OSt | ||
| 005 | 20230517153005.0 | ||
| 008 | 210423s2013 xx 000 0 und d | ||
| 020 | _a9780321795786 | ||
| 040 | _cAL | ||
| 041 | _aeng | ||
| 082 |
_a575.1 KLUW _223 |
||
| 100 |
_aKLUG (William S);others. _9106880 |
||
| 245 | _aConcepts of genetics. | ||
| 250 | _a10 | ||
| 260 |
_aNew York _bPearson Benjamin Cummings _c2013 |
||
| 300 |
_axxxvii,742 _bPB |
||
| 365 |
_b3997.5 _cINR |
||
| 650 |
_aGenetics _9106881 |
||
| 906 | _aConcepts ; genetics. | ||
| 942 |
_2ddc _cBK |
||
| 999 |
_c164908 _d164908 |
||